000
00301nmm a2200109Ia 4500
008
220120s9999||||xx |||||||||||||||||und||
020
_a
81-265-0287-8
082
_a
620.4 HEG
100
_a
Hegde, R.K & Murthy, Niranjan
_9
6540
245
0
_a
Basic Thermodynamics
260
_a
Sapna book house
_b
Delhi
_c
2011
999
_c
139695
_d
139695